Click Timeline: Famous Buildings - Statistics

General Stats
  • This quiz has been taken 62,637 times
    62,595 since last reset
  • The average score is 6 of 11
Answers on the Map
Answers color-coded by a green-red scale on the quiz's map according to % correct below.
 
Answer Stats
Answer % Correct
Burj Khalifa
76%
Eiffel Tower
65%
Empire State Building
64%
Sydney Opera House
59%
Petronas Towers
56%
White House
51%
Forbidden City
50%
Taj Mahal
43%
Big Ben
39%
Leaning Tower of Pisa
34%
St. Basil's Cathedral (Moscow)
32%
No matching quizzes found
Score Distribution
Percent of People with Each Score
Percentile by Number Answered
Your Score History
You have not taken this quiz since the last reset